000 00212 a2200097 4500
001 49283
100 _aSwinnerton
245 _aBack ground with chorus
260 _aLondon
_bHutchinson
_c
090 _c31859
_d31859
942 _aNUST-CAE
_cM
_c24290
999 _c284356
_d284356